Проблема рационального использования и охрана слабоминерализованных вод Покурского водоносного горизонта Колпашевской площади; Проблемы геологии и освоения недр; Т. 1

書誌詳細
Parent link:Проблемы геологии и освоения недр: труды X Международного симпозиума имени академика М. А. Усова студентов и молодых ученых, посвященного 100-летию первого выпуска сибирских инженеров и 110-летию основания ТПУ; г. Томск, 3-8 апреля 2006 г./ Томский политехнический университет (ТПУ); Институт геологии и нефтегазового дела; под ред. В. А. Домаренко.— , 2007
Т. 1.— 2007.— С. 133-135
第一著者: Михеева Ю. Г.
その他の著者: Зятева О. Ф. (научный руководитель)
言語:ロシア語
出版事項: 2007
主題:
フォーマット: 図書の章
KOHA link:https://koha.lib.tpu.ru/cgi-bin/koha/opac-detail.pl?biblionumber=126178

MARC

LEADER 00000naa2a2200000 4500
001 126178
005 20231031131744.0
035 |a (RuTPU)RU\TPU\book\136510 
090 |a 126178 
100 |a 20071126d2007 k y0rusy50 ca 
101 0 |a rus 
102 |a RU 
200 1 |a Проблема рационального использования и охрана слабоминерализованных вод Покурского водоносного горизонта Колпашевской площади  |f Ю. Г. Михеева  |g науч. рук. О. Ф. Зятева 
461 0 |0 (RuTPU)RU\TPU\book\132777  |t Проблемы геологии и освоения недр  |o труды X Международного симпозиума имени академика М. А. Усова студентов и молодых ученых, посвященного 100-летию первого выпуска сибирских инженеров и 110-летию основания ТПУ; г. Томск, 3-8 апреля 2006 г.  |f Томский политехнический университет (ТПУ); Институт геологии и нефтегазового дела; под ред. В. А. Домаренко  |d 2007 
463 0 |0 (RuTPU)RU\TPU\book\93780  |t Т. 1  |v С. 133-135  |d 2007  |p 294 с. 
610 1 |a водоносные горизонты 
610 1 |a Покурский горизонт 
610 1 |a слабоминерализованные воды 
610 1 |a Колпашевская площадь 
610 1 |a труды учёных ТПУ 
700 1 |a Михеева  |b Ю. Г. 
702 1 |a Зятева  |b О. Ф.  |4 727 
801 1 |a RU  |b 63413507  |c 20071126  |g PSBO 
801 2 |a RU  |b 63413507  |c 20100412  |g RCR 
942 |c BK